Earth science (Record no. 646)
[ view plain ]
| 000 -LEADER | |
|---|---|
| fixed length control field | 00456nam a22001697a 4500 |
| 005 - DATE AND TIME OF LATEST TRANSACTION | |
| control field | 20230606081246.0 |
| 008 - FIXED-LENGTH DATA ELEMENTS--GENERAL INFORMATION | |
| fixed length control field | 230124b |||||||| |||| 00| 0 eng d |
| 020 ## - INTERNATIONAL STANDARD BOOK NUMBER | |
| International Standard Book Number | 978-971-7829-4 |
| 082 ## - DEWEY DECIMAL CLASSIFICATION NUMBER | |
| Classification number | Fil. 550 Ea129 2016 |
| 245 ## - TITLE STATEMENT | |
| Title | Earth science |
| 250 ## - EDITION STATEMENT | |
| Edition statement | Phi. ed. |
| 260 ## - PUBLICATION, DISTRIBUTION, ETC. | |
| Place of publication, distribution, etc. | Manila: |
| Name of publisher, distributor, etc. | Rex Book Store, |
| Date of publication, distribution, etc. | c2016. |
| 300 ## - PHYSICAL DESCRIPTION | |
| Extent | 366p.; |
| Other physical details | ill. |
| 490 ## - SERIES STATEMENT | |
| Series statement | K to 12 |
| 541 ## - IMMEDIATE SOURCE OF ACQUISITION NOTE | |
| Accession number | 4619 c.1, 4620 c.2, 4621 c.3, 4622 c.4, 4623 c.5 |
| 650 ## - SUBJECT ADDED ENTRY--TOPICAL TERM | |
| Topical term or geographic name entry element | Earth sciences |
| Withdrawn status | Lost status | Source of classification or shelving scheme | Damaged status | Not for loan | Home library | Current library | Date acquired | Total Checkouts | Full call number | Barcode | Date last seen | Copy number | Price effective from | Koha item type |
|---|---|---|---|---|---|---|---|---|---|---|---|---|---|---|
| Dewey Decimal Classification | ctu-moalboal | ctu-moalboal | 05/06/2016 | Fil. 550 Ea129 2016 | 4619 | 01/24/2023 | 1 | 01/24/2023 | Books-Filipiniana | |||||
| Dewey Decimal Classification | ctu-moalboal | ctu-moalboal | 05/06/2016 | Fil. 550 Ea129 2016 | 4620 | 01/24/2023 | 2 | 01/24/2023 | Books-Filipiniana | |||||
| Dewey Decimal Classification | ctu-moalboal | ctu-moalboal | 05/06/2016 | Fil. 550 Ea129 2016 | 4621 | 01/24/2023 | 3 | 01/24/2023 | Books-Filipiniana | |||||
| Dewey Decimal Classification | ctu-moalboal | ctu-moalboal | 05/06/2016 | Fil. 550 Ea129 2016 | 4622 | 01/27/2023 | 4 | 01/27/2023 | Books-Filipiniana | |||||
| Dewey Decimal Classification | ctu-moalboal | ctu-moalboal | 05/06/2016 | Fil. 550 Ea129 2016 | 4623 | 01/27/2023 | 5 | 01/27/2023 | Books-Filipiniana |